| 000 | 00647nam a2200217Ia 4500 | ||
|---|---|---|---|
| 008 | 191130s1995##################000#0#eng## | ||
| 020 | _a9780060555979 | ||
| 022 | _a75175272 | ||
| 040 |
_aACL _cACL |
||
| 082 | _a796.357092 ROB | ||
| 100 | _aRobinson, Jackie | ||
| 245 |
_aI never had it made : an autobiography of Jackie Robinson _cby Jackie Robinson as told to Alfred Duckett |
||
| 260 |
_aNew York _bEcco _c1995 |
||
| 300 | _a279 p. ; 22 cm | ||
| 650 | _aAfrican Americans | ||
| 650 | _aRobinson, Jackie, 1919-1972 | ||
| 700 | _aDuckett, Alfred | ||
| 990 | _a9483d4ffac10000c0c1eb6686e77be72 | ||
| 991 | _a432003 | ||
| 999 |
_c210353 _d210353 |
||